La unidad continental: desde las concepciones políticas hasta los nuevos modelos alternativos de integración /

Guardat en:
Dades bibliogràfiques
Autor principal: León de Labarca, Alba I
Altres autors: Morales M., Juan Carlos
Format: Text
Matèries:
Etiquetes: Afegir etiqueta
Sense etiquetes, Sigues el primer a etiquetar aquest registre!

MARC

LEADER 00000 a a2200000 04500
001 4575
003
040
100 |a León de Labarca, Alba I  
245 |a La unidad continental: desde las concepciones políticas hasta los nuevos modelos alternativos de integración /  |c Alba I León de Labarca 
650 |a INTEGRACION REGIONAL  
650 |a IDEOLOGIAS  
650 |a GEOPOLITICA  
650 |a INDEPENDENCIA  
650 |a AMERICA LATINA  
700 |a Morales M., Juan Carlos  
773 |g volumen 17, número 29; páginas 3-30  
999 |c 21860  |d 21860 
773 0 |0 41855  |9 10509  |a Universidad del Zulia.  |d Venezuela: Universidad del Zulia; Centro Experimental de Estudios Latinoamericanos "Dr. Gastón Parra Luzardo",  |o 06356  |t Cuadernos Latinoamericanos /  |x 13154176